000 00594nam a2200241Ia 4500
003 OSt
005 20220924140419.0
006 a|||||r|||| 00| 0
007 ta
008 220923b |||||||| |||| 00| 0 ben d
020 _a8186802576
024 _a295031
037 _cTextual
040 _aARTS
_cARTS
_bben
041 _2ben
_aben
082 _aO157,3x, P3
100 _aChattopadhya Sadhan
_9211333
245 0 _aTrinabhumi
260 _c2003
650 _aBENGALI LITERATURE
942 _hO157,3x, P3
_cTEXL
_2CC
999 _c444198
_d444198